LEADER 01503nam a2200325 i 4500 001 000000253054 003 CaOOAMICUS 005 20170222000000.0 008 170222s2016 sz u000 u ger u 013 $a231959 020 $a978-3-7278-1790 020 $a978-3-451-37538-5 040 $aSeMil$bita 245 10$aAlter und Altern :$bHerausforderungen für die theologische Ethik /$cStephan Ernst (Hg.) 260 $aFreiburg ; Wien :$bHerder,$c2016. 260 $aFribourg (Schweiz) :$bAcademic Press,$c2016. 300 $a431 p. ;$c23 cm. 490 0 $aStudien zur theologischen Ethik = Études d'étique chrétienne ;$v147 650 4$aAnziani.$0(OLS)http://semarc/subject/5643 650 4$aEtica teologica.$0(OLS)http://semarc/subject/619 700 1 $aErnst, Stephan,$d<1956- >.$0(OLS)http://semarc/name/90146 830 0$aStudien zur theologischen Ethik ;$v147.$0(OLS)http://semarc/title/60536 850 $aSeMil 852 $aSeMil$W1$xVenegono$y1$m2E V 367$j203400$B203400$CSeMilBibl$Z2$F216180 $81 961 $aSottoscrizione: Herder 996 $6020$a978-3-7278-1790$9(OLS)http://semarc/number/275606 996 $6020$a978-3-451-37538-5$9(OLS)http://semarc/number/275607 996 $6245$aAlter und Altern :$bHerausforderungen für die theologische Ethik$9(OLS)http://semarc/title/410347 996 $6260$aFribourg (Schweiz) :$bAcademic Press$9(OLS)http://semarc/publisher/44086 996 $6260$aFreiburg ; Wien :$bHerder$9(OLS)http://semarc/publisher/31159 LEADER 01272nam a2200277 i 4500 001 000000106608 003 CaOOAMICUS 005 20100409000000.0 008 100409s1999 it u000 u ita u 013 $a78802 020 $a88-384-4344-0 040 $aSeMil$bita 100 1 $aMalatesta, Enrico,$d<1952- >.$0(OLS)http://semarc/name/44850 245 10$aPadre Pio Santo :$bl'unica biografia completa con i documenti segreti esclusi nel processo di beatificazione /$cEnrico Malatesta. 260 $aCasale Monferrato (AL) :$bPiemme,$c1999. 300 $a624 p., [16] p. di tav. ;$c24 cm. 490 0 $aPiemme direct 500 $aContiene : Bibliografia. 600 04$aPio : da Pietrelcina .$0(OLS)http://semarc/subject/470 830 0$aPiemme direct.$0(OLS)http://semarc/title/10035 850 $aSeMil 852 $aSeMil$W1$xVenegono$y1$m3H VI 5$j62725$B62725$CSeMilBibl$Z2$F72805 $81 961 $aLascito: Morandi don Domenico 996 $6020$a88-384-4344-0$9(OLS)http://semarc/number/87343 996 $6245$aPadre Pio Santo :$bl'unica biografia completa con i documenti segreti esclusi nel processo di beatificazione$9(OLS)http://semarc/title/154635 996 $6260$aCasale Monferrato (AL) :$bPiemme$9(OLS)http://semarc/publisher/30052